Vibhajana Asvikara विभाजन असवीकार (Record no. 222587)
[ view plain ]
| 000 -LEADER | |
|---|---|
| fixed length control field | 00704nam a22001937a 4500 |
| 005 - DATE AND TIME OF LATEST TRANSACTION | |
| control field | 20220425092545.0 |
| 008 - FIXED-LENGTH DATA ELEMENTS--GENERAL INFORMATION | |
| fixed length control field | 220425b ||||| |||| 00| 0 eng d |
| 040 ## - CATALOGING SOURCE | |
| Transcribing agency | AL |
| 041 ## - LANGUAGE CODE | |
| Language code of text/sound track or separate title | Hindi |
| 082 ## - DEWEY DECIMAL CLASSIFICATION NUMBER | |
| Edition number | 23 |
| Classification number | 954H |
| Item number | SHAV |
| 100 ## - MAIN ENTRY--PERSONAL NAME | |
| Personal name | Mahesh Chandra Sharma महेश चंद्र शर्मा |
| 100 ## - MAIN ENTRY--PERSONAL NAME | |
| 9 (RLIN) | 31385 |
| 245 ## - TITLE STATEMENT | |
| Title | Vibhajana Asvikara विभाजन असवीकार |
| 260 ## - PUBLICATION, DISTRIBUTION, ETC. | |
| Place of publication, distribution, etc. | New Delhi |
| Name of publisher, distributor, etc. | Prabhat Prakashan |
| Date of publication, distribution, etc. | 1998 |
| 300 ## - PHYSICAL DESCRIPTION | |
| Extent | 306 p. |
| Other physical details | HB |
| Dimensions | 22x14 cm. |
| 365 ## - TRADE PRICE | |
| Price amount | ₹300.00 |
| Currency code | ₹ |
| Unit of pricing | ₹300.00 |
| 650 ## - SUBJECT ADDED ENTRY--TOPICAL TERM | |
| Topical term or geographic name entry element | India -- History -- Partition, 1947 -- Congresses |
| 9 (RLIN) | 31369 |
| 700 ## - ADDED ENTRY--PERSONAL NAME | |
| Personal name | SHARMA (Mahesh Chandra) शर्मा (महेश चंद्र ) |
| 9 (RLIN) | 31370 |
| 942 ## - ADDED ENTRY ELEMENTS (KOHA) | |
| Source of classification or shelving scheme | Dewey Decimal Classification |
| Koha item type | George Fernandes Collections |
| Withdrawn status | Lost status | Source of classification or shelving scheme | Damaged status | Not for loan | Collection code | Home library | Current library | Date acquired | Total Checkouts | Full call number | Barcode | Date last seen | Price effective from | Koha item type |
|---|---|---|---|---|---|---|---|---|---|---|---|---|---|---|
| Dewey Decimal Classification | History | St Aloysius Library | St Aloysius Library | 03/24/2013 | 954H SHAV | GF02622 | 04/25/2022 | 04/25/2022 | George Fernandes Collections |